| 000 | 00477nam a22001697a 4500 | ||
|---|---|---|---|
| 003 | OSt | ||
| 005 | 20140310182456.0 | ||
| 008 | 130806t xxu||||| |||| 00| 0 eng d | ||
| 020 | _a9780853698333 | ||
| 050 |
_aR 733 _b.T763 2010 |
||
| 245 |
_aTraditional medicine / _cedited by, Steven B. Kayne |
||
| 260 |
_aU.S.A.. : _bPharmaceutical press, _cc2010. |
||
| 300 |
_a331 p. : _bill. ; _c23 cm. |
||
| 650 |
_aTraditional Medicine _98994 |
||
| 942 |
_2lcc _cSSLC |
||
| 999 |
_c13748 _d13748 |
||